Εναλλακτικός τουρισμός : η περίπτωση του αγροτουρισμού στη Χίο : διπλωματική εργασία

Αποθηκεύτηκε σε:
Λεπτομέρειες βιβλιογραφικής εγγραφής
Κύριος συγγραφέας: Φλατσούση, Μαρία
Συγγραφή απο Οργανισμό/Αρχή: Πανεπιστήμιο Αιγαίου Σχολή Επιστημών της Διοίκησης Τμήμα Διοίκησης Επιχειρήσεων - Τ.Δ.Ε
Άλλοι συγγραφείς: Σταυρινούδης, Θεόδωρος (Εισηγητής διατριβής)
Μορφή: Thesis Βιβλίο
Γλώσσα:Greek
Δημοσίευση: 2006
Θέματα:
Διαθέσιμο Online:http://hdl.handle.net/11610/6759
Ετικέτες: Προσθήκη ετικέτας
Δεν υπάρχουν, Καταχωρήστε ετικέτα πρώτοι!

MARC

LEADER 00000cam a2200000 i 4500
001 1/37586
008 061113s2006 gre d
035 |l 10086127 
040 |a GR-MY-UA  |b gre  |e aacr 
041 0 |a gre 
082 0 |a 338.47910949582  |2 (22) 
100 1 |a Φλατσούση, Μαρία. 
245 1 0 |a Εναλλακτικός τουρισμός :  |b η περίπτωση του αγροτουρισμού στη Χίο : διπλωματική εργασία /  |c Μαρία Φλατσούση ; επιβλέπων Θοδωρής Σταυρινούδης 
260 |c 2006 
300 |a 122 σ.;  |b εικ., διαγρ., πίν.;  |c 30 εκ. 
502 # # |a Πτυχιακή εργασία – Πανεπιστήμιο Αιγαίου, Χίος, 2006. 
504 |a Περιλαμβάνει βιβλιογραφία 
610 2 0 |a Πανεπιστήμιο Αιγαίου. 
650 0 0 |a Tourism  |z Greece  |z Chios Island. 
650 0 0 |a Agriculture  |z Greece  |z Chios Island. 
650 0 0 |a Agritourism. 
650 0 0 |a Rural development  |z Greece  |z Chios Island. 
650 0 0 |a Dissertations, Academic  |z Greece. 
700 1 |a Σταυρινούδης, Θεόδωρος.  |4 ths 
710 1 |a Πανεπιστήμιο Αιγαίου  |b Σχολή Επιστημών της Διοίκησης  |b Τμήμα Διοίκησης Επιχειρήσεων - Τ.Δ.Ε. 
852 |a INST  |b CHIOS  |c DIATR  |e 20061113  |h 338.47910949582 ΦΛΑ  |p 005200026743  |q 005200026743  |t DIE  |y 23 
852 |a INST  |b CHIOS  |c DIATR  |e 20061113  |h 338.47910949582 ΦΛΑ  |p 005200026744  |q 005200026744  |t DIE  |y 23 
856 |u http://hdl.handle.net/11610/6759 
901 |a BIBL2-2006-3 
909 |a Χ  |b 120564 
909 |a Χ  |b 120565 
924 |a ΦΛΑΤΣΟΥΣΗ  |b ΜΑΡΙΑ  |y ΧΙΟΣ  |z 2006-10 
970 |a ΒΑΣΙΛΑΚΗ  |b ΝΙΚΗ  |z 2006/11/13